[Event "Stuttgarter Stadtmeisterschaft 2010 B"]
[Site "Ditzingen"]
[Date "2010.05.13"]
[Round "2.7"]
[White "Helfrich, Leo"]
[Black "Riegel, Frank"]
[Result "1/2-1/2"]
[WhiteElo "1701"]
[BlackElo "1858"]
[PlyCount "113"]
[EventDate "2010.??.??"]
[WhiteTeam "SC Pforzheim 1906"]
[BlackTeam "SV Stuttgart-Wolfbusch 1956 e.V."]

1. d4 d5 2. Nf3 Nf6 3. Bf4 e6 4. e3 c6 5. c4 Nbd7 6. Qb3 Ne4 7. Nc3 Qa5 8. a3
g5 9. Bg3 h5 10. h3 Nxg3 11. fxg3 Nf6 12. O-O-O Qc7 13. cxd5 exd5 14. e4 dxe4
15. Nxg5 Bh6 16. h4 Rg8 17. Bc4 Bxg5+ 18. hxg5 Rxg5 19. Rhf1 Bf5 20. Rf4 b5 21.
Bxb5 cxb5 22. Qxb5+ Qd7 23. Qe5+ Qe6 24. Rdf1 Nd7 25. Qh8+ Nf8 26. d5 Qg6 27.
Qe5+ Be6 28. Qxe4 Qxe4 29. Rxe4 Rxg3 30. dxe6 Nxe6 31. Rf2 Rd8 32. Re5 Ke7 33.
Rxh5 Rdg8 34. Rhf5 R8g7 35. Ra5 Rxg2 36. Rxa7+ Ke8 37. Rxg2 Rxg2 38. Nd5 Nc5
39. Nf6+ Kd8 40. b4 Nd3+ 41. Kb1 Rb2+ 42. Ka1 Rb3 43. b5 Nc5 44. Ra5 Rf3 45.
Ra8+ Kc7 46. Nd5+ Kb7 47. Rf8 Rxa3+ 48. Kb2 Rb3+ 49. Kc2 Rxb5 50. Rxf7+ Kc6 51.
Nc3 Ra5 52. Rf6+ Kd7 53. Rh6 Ra6 54. Rh5 Kc6 55. Nd5 Ra2+ 56. Kc3 Ra3+ 57. Kb2
1/2-1/2

[Event "Stuttgarter Stadtmeisterschaft 2010 B"]
[Site "Ditzingen"]
[Date "2010.05.13"]
[Round "2.8"]
[White "Duran, Suat"]
[Black "Ellinger, Harald"]
[Result "0-1"]
[WhiteElo "1687"]
[BlackElo "1854"]
[PlyCount "70"]
[EventDate "2010.??.??"]
[WhiteTeam "SV Dicker Turm Esslingen"]
[BlackTeam "SK e4 Gerlingen"]

1. e4 c5 2. Nf3 d6 3. d4 cxd4 4. Nxd4 Nf6 5. Nc3 Nc6 6. Be2 Bd7 7. Be3 g6 8. f3
h5 9. a3 Bg7 10. Qd2 a6 11. Bc4 Ne5 12. Bb3 Rc8 13. Nde2 Nc4 14. Bxc4 Rxc4 15.
Rb1 b5 16. O-O O-O 17. Bh6 Qb6+ 18. Kh1 Rfc8 19. Bxg7 Kxg7 20. b3 R4c7 21. Rbc1
b4 22. axb4 Qxb4 23. Rfd1 Rxc3 24. Nxc3 Rxc3 25. Ra1 Bb5 26. Re1 Qc5 27. Ra2
Nd7 28. f4 f6 29. Qd1 Qf2 30. Qc1 h4 31. h3 Rg3 32. Rg1 Bc6 33. Qe1 Qxf4 34.
Rxa6 Bxe4 35. Ra4 Rxh3# 0-1

[Event "Stuttgarter Stadtmeisterschaft 2010 B"]
[Site "Ditzingen"]
[Date "2010.05.13"]
[Round "2.9"]
[White "Lebeda, Lukas"]
[Black "Lörincz, Peter"]
[Result "0-1"]
[WhiteElo "1686"]
[BlackElo "1840"]
[PlyCount "56"]
[EventDate "2010.??.??"]
[WhiteTeam "SF Deizisau"]
[BlackTeam "SK Lauffen"]

1. c4 e5 2. Nc3 Nf6 3. g3 c6 4. Bg2 Be7 5. d3 O-O 6. Nf3 d6 7. O-O Be6 8. b3
Nbd7 9. Qc2 h6 10. d4 Qc7 11. Bb2 exd4 12. Nxd4 Bg4 13. h3 Bh5 14. Nf5 Rae8 15.
Ne4 Bg6 16. Nxe7+ Rxe7 17. Bxf6 gxf6 18. f4 f5 19. Nf2 Nf6 20. Rad1 Re6 21.
Rfe1 Rfe8 22. Rd4 Ne4 23. g4 Nxf2 24. gxf5 Nxh3+ 25. Bxh3 Re3 26. Kh2 Bh5 27.
Rg1+ Kf8 28. Kh1 Rxh3+ 0-1

[Event "Stuttgarter Stadtmeisterschaft 2010 B"]
[Site "Ditzingen"]
[Date "2010.05.13"]
[Round "2.10"]
[White "Leroy, Patrick"]
[Black "Holzner, Tony"]
[Result "1/2-1/2"]
[WhiteElo "1835"]
[BlackElo "1685"]
[PlyCount "161"]
[EventDate "2010.??.??"]
[BlackTeam "Stuttgarter SF 1879"]

1. e4 e6 2. d4 d5 3. exd5 exd5 4. Nc3 Nf6 5. Nf3 Bb4 6. Bd2 O-O 7. Ne2 Qe7 8.
c3 Bd6 9. h3 Bf5 10. Bg5 Re8 11. Bxf6 Qxf6 12. Qb3 Nc6 13. Qxb7 Nb4 14. cxb4
Rab8 15. Qxd5 c6 16. Qc4 Rxb4 17. Qc3 Reb8 18. b3 Rxb3 19. Qxb3 Rxb3 20. axb3
Bb4+ 21. Kd1 a5 22. Rc1 Qe6 23. Nd2 g5 24. Ng3 Bg6 25. Bc4 Qf6 26. Nf3 h5 27.
Rf1 h4 28. Ne2 Be4 29. Ne5 Bxg2 30. Rg1 Qxf2 31. Nxf7 Kf8 32. Nxg5 Qe3 33. Ne6+
Ke7 34. Kc2 Qd2+ 35. Kb1 Be4+ 36. Ka1 Ba3 37. Rb1 Bxb1 38. Rxb1 Bd6 39. Rg1 a4
40. Nc5 a3 41. Na4 c5 42. Rg7+ Kf6 43. Rd7 Bh2 44. Nec3 Qc1+ 45. Ka2 cxd4 46.
Rxd4 Be5 47. Rd1 Qc2+ 48. Kxa3 Bxc3 49. Nxc3 Qxc3 50. Rd3 Qa5+ 51. Kb2 Qe5+ 52.
Kc2 Qa1 53. b4 Qa4+ 54. Kc3 Qa3+ 55. Bb3 Ke5 56. Rd5+ Ke4 57. b5 Qa5+ 58. Kc4
Kf4 59. Rd3 Ke4 60. Rd4+ Ke5 61. Rg4 Qa1 62. Kb4 Qe1+ 63. Kc5 Qe3+ 64. Kc6 Qxb3
65. b6 Qxh3 66. Rg5+ Ke6 67. Rg6+ Kf7 68. Rd6 Qc8+ 69. Kb5 h3 70. Rc6 Qxc6+ 71.
Kxc6 h2 72. b7 h1=Q+ 73. Kc7 Qc1+ 74. Kb6 Qb2+ 75. Kc7 Qc3+ 76. Kd7 Qb4 77. Kc7
Qc5+ 78. Kb8 Qa5 79. Kc8 Qa6 80. Kc7 Ke7 81. b8=Q 1/2-1/2

[Event "Stuttgarter Stadtmeisterschaft 2010 B"]
[Site "Ditzingen"]
[Date "2010.05.13"]
[Round "2.11"]
[White "Körber, Christian"]
[Black "Drapchin, Marc"]
[Result "1/2-1/2"]
[WhiteElo "1669"]
[BlackElo "1830"]
[PlyCount "53"]
[EventDate "2010.??.??"]
[WhiteTeam "SF Fürth 1951 e.V."]
[BlackTeam "SV Dicker Turm Esslingen"]

1. d4 Nf6 2. Nf3 e6 3. e3 Nc6 4. b3 Bb4+ 5. c3 Be7 6. Bb2 O-O 7. Bd3 d6 8. O-O
e5 9. Nbd2 Bg4 10. c4 Re8 11. Qc2 Nb4 12. Qc3 Nxd3 13. Qxd3 exd4 14. exd4 Bf8
15. Rfe1 Qd7 16. d5 Rxe1+ 17. Rxe1 Ne8 18. Qd4 Bh5 19. Ba3 b6 20. b4 Qa4 21.
Qc3 Nf6 22. Nd4 Qd7 23. b5 a6 24. Bb2 axb5 25. cxb5 Re8 26. Rxe8 Nxe8 27. N2f3
1/2-1/2

[Event "Stuttgarter Stadtmeisterschaft 2010 B"]
[Site "Ditzingen"]
[Date "2010.05.13"]
[Round "2.13"]
[White "Ostertag, Stephan"]
[Black "Filenberg, Maksim"]
[Result "1-0"]
[WhiteElo "1806"]
[BlackElo "1659"]
[PlyCount "39"]
[EventDate "2010.??.??"]

1. e4 Nc6 2. Nf3 e5 3. Bb5 Bd6 4. O-O a6 5. Ba4 Nf6 6. c3 O-O 7. Re1 b5 8. Bb3
Bb7 9. d4 Re8 10. Nbd2 Na5 11. Bc2 exd4 12. cxd4 Bb4 13. e5 Ng4 14. h3 Nh6 15.
a3 Bf8 16. Ne4 Nf5 17. Nfg5 Be7 18. Qh5 Nh6 19. Ng3 Bxg5 20. Bxg5 1-0

[Event "Stuttgarter Stadtmeisterschaft 2010 B"]
[Site "Ditzingen"]
[Date "2010.05.13"]
[Round "2.14"]
[White "Ziegler, Michael"]
[Black "Bried, Martin"]
[Result "1/2-1/2"]
[WhiteElo "1656"]
[BlackElo "1796"]
[PlyCount "94"]
[EventDate "2010.??.??"]

1. e4 e6 2. Nf3 d5 3. exd5 exd5 4. d4 Bd6 5. Bd3 Ne7 6. Qe2 Nd7 7. Nc3 c6 8.
O-O Nf6 9. Bg5 Bg4 10. Bxf6 gxf6 11. Qe3 h5 12. Nh4 Qc7 13. h3 Bf4 14. Qe1 Be6
15. Nf5 O-O-O 16. Nxe7+ Qxe7 17. Ne2 Bd6 18. f4 h4 19. f5 Bd7 20. Rf3 Rdg8 21.
Nf4 Qxe1+ 22. Rxe1 Rg5 23. Ne2 Rhg8 24. Rf2 c5 25. c4 Bg3 26. Nxg3 Rxg3 27. Bf1
dxc4 28. Bxc4 Rxh3 29. Bxf7 Rg7 30. Bg6 Rg3 31. dxc5 Rg8 32. Kh2 Rh8 33. Re4
Rg5 34. Rd2 Bxf5 35. Bxf5+ Rxf5 36. b4 Re5 37. Rf4 f5 38. Rdd4 h3 39. Rh4 Rxh4
40. Rxh4 hxg2 41. a4 Kc7 42. Kxg2 Kc6 43. Kf3 a5 44. Rh6+ Kd5 45. bxa5 Kxc5 46.
Rb6 Re4 47. Rb5+ Kc6 1/2-1/2

[Event "Stuttgarter Stadtmeisterschaft 2010 B"]
[Site "Ditzingen"]
[Date "2010.05.13"]
[Round "2.15"]
[White "Wezel, Sebastian"]
[Black "Kruck, Mathias"]
[Result "1-0"]
[WhiteElo "1793"]
[BlackElo "1638"]
[PlyCount "47"]
[EventDate "2010.??.??"]

1. e4 c5 2. Nf3 Nc6 3. d4 cxd4 4. Nxd4 Nf6 5. Nc3 g6 6. Nxc6 bxc6 7. e5 Nd5 8.
Nxd5 cxd5 9. Qxd5 Rb8 10. e6 f6 11. exd7+ Bxd7 12. Bc4 e6 13. Qe4 Qe7 14. O-O
Bg7 15. Re1 Kf7 16. c3 Rhe8 17. Bb3 Rb6 18. Be3 f5 19. Qf4 Ra6 20. Rad1 Kf8 21.
f3 Bb5 22. a4 e5 23. Qb4 Qxb4 24. cxb4 1-0

[Event "Stuttgarter Stadtmeisterschaft 2010 B"]
[Site "Ditzingen"]
[Date "2010.05.13"]
[Round "2.16"]
[White "Balija, Cerim"]
[Black "Uhlarz, Jörg"]
[Result "1-0"]
[WhiteElo "1608"]
[BlackElo "1792"]
[PlyCount "87"]
[EventDate "2010.??.??"]

1. e4 g6 2. Nf3 Bg7 3. c3 d6 4. Bc4 e6 5. d4 Ne7 6. Bg5 O-O 7. Nbd2 Nbc6 8. O-O
Na5 9. Bd3 f6 10. Bh4 Qe8 11. Bg3 c5 12. dxc5 dxc5 13. Qe2 b6 14. Rab1 Bb7 15.
Bb5 Bc6 16. Bxc6 Nexc6 17. Qb5 f5 18. exf5 Rxf5 19. Rfe1 Bf8 20. Nh4 Rh5 21.
Qe2 Nd8 22. Ne4 Be7 23. Rbd1 Qf8 24. Nf3 Nac6 25. Nd6 a6 26. Qe4 Ra7 27. Nc4 b5
28. Nce5 Nxe5 29. Nxe5 Rf5 30. Nc6 Nxc6 31. Qxc6 c4 32. Qxe6+ Kg7 33. Be5+ Kh6
34. Bd4 Bc5 35. Qe3+ g5 36. Qh3+ Kg6 37. Re6+ Rf6 38. Rxf6+ Qxf6 39. Bxf6 Kxf6
40. Rd5 Re7 41. Qf5+ Kg7 42. Qxg5+ Kf7 43. Qf5+ Kg7 44. Rd7 1-0

43. Qf5+ Kg7 44. Rd7 1-0

[Event "Stuttgarter Stadtmeisterschaft 2010 B"]
[Site "Ditzingen"]
[Date "2010.05.13"]
[Round "2.17"]
[White "Hennig, Jan"]
[Black "Steimbach, Isabel"]
[Result "1/2-1/2"]
[WhiteElo "1783"]
[BlackElo "1543"]
[PlyCount "41"]
[EventDate "2010.??.??"]
[WhiteTeam "SF 59 Kornwestheim"]
[BlackTeam "OSG Baden-Baden"]

1. c4 e5 2. Nc3 Nf6 3. g3 c6 4. Bg2 d5 5. cxd5 cxd5 6. d3 Be6 7. Bg5 Be7 8.
Bxf6 Bxf6 9. Qb3 Nd7 10. Bxd5 Bxd5 11. Nxd5 Qa5+ 12. Nc3 Nc5 13. Qb5+ Qxb5 14.
Nxb5 O-O 15. Nc3 Rfd8 16. Nf3 e4 17. Nxe4 Nxe4 18. dxe4 Bxb2 19. Rb1 Bc3+ 20.
Kf1 b6 21. Kg2 1/2-1/2

[Event "Stuttgarter Stadtmeisterschaft 2010 B"]
[Site "Ditzingen"]
[Date "2010.05.13"]
[Round "2.18"]
[White "Mainik, Andreas"]
[Black "Hengster, Pascal"]
[Result "1-0"]
[WhiteElo "1773"]
[BlackElo "1514"]
[PlyCount "61"]
[EventDate "2010.??.??"]

1. e4 c5 2. Nc3 Nc6 3. g3 g6 4. Bg2 Bg7 5. f4 e6 6. Nf3 Nge7 7. d3 O-O 8. Be3
b6 9. O-O Bb7 10. Rb1 d5 11. Ne2 Re8 12. Qe1 Nb4 13. Qd2 d4 14. Bf2 Nxa2 15. c3
Ba6 16. Rfd1 c4 17. Nexd4 cxd3 18. Ra1 Bc4 19. b3 Bxb3 20. Nxb3 Bxc3 21. Qxa2
Bxa1 22. Qxa1 Rc8 23. Bd4 Nc6 24. Bh8 e5 25. Nxe5 f6 26. Nxc6 Rxc6 27. e5 Kxh8
28. Bxc6 Re6 29. Nd4 Re7 30. exf6 Re2 31. Nxe2 1-0

[Event "Stuttgarter Stadtmeisterschaft 2010 B"]
[Site "Ditzingen"]
[Date "2010.05.13"]
[Round "2.19"]
[White "Steinmassl, Guido"]
[Black "Schmidt, Markus"]
[Result "0-1"]
[WhiteElo "1550"]
[BlackElo "1768"]
[PlyCount "58"]
[EventDate "2010.??.??"]

1. d4 Nf6 2. c4 g6 3. Nc3 Bg7 4. Nf3 O-O 5. e4 d6 6. Be2 e5 7. O-O Nc6 8. Be3
Ng4 9. Qd2 Nxe3 10. fxe3 Bh6 11. Rad1 exd4 12. Nxd4 Ne5 13. Nf3 Be6 14. Nxe5
dxe5 15. Qc1 Qe7 16. b3 c6 17. Rd3 Rad8 18. Rfd1 Rxd3 19. Rxd3 Rd8 20. Qd2 Rxd3
21. Bxd3 Qg5 22. Nd1 f5 23. exf5 gxf5 24. Bc2 Bf8 25. Qa5 f4 26. Qxa7 f3 27. g3
Bf5 28. e4 Qd2 29. Qf2 Bc5 0-1

[Event "Stuttgarter Stadtmeisterschaft 2010 B"]
[Site "Ditzingen"]
[Date "2010.05.13"]
[Round "2.20"]
[White "Parvin, Shahram"]
[Black "Tölg, Wolfgang"]
[Result "1-0"]
[WhiteElo "1471"]
[BlackElo "1756"]
[PlyCount "81"]
[EventDate "2010.??.??"]

1. d4 f5 2. c4 e6 3. Nf3 d5 4. Bg5 Nf6 5. Nbd2 h6 6. Bxf6 Qxf6 7. cxd5 exd5 8.
e3 c6 9. a3 Bd6 10. g3 O-O 11. Qc2 Nd7 12. Bd3 Qe6 13. Nh4 g6 14. Nc4 Be7 15.
Ng2 Kg7 16. Nf4 Qf6 17. Nd2 Qf7 18. h4 h5 19. Nf3 Rh8 20. Ng5 Bxg5 21. hxg5 Nf8
22. Ng2 Ne6 23. f4 Qe7 24. O-O-O Bd7 25. Nh4 Nc7 26. Rde1 Raf8 27. Nf3 Nb5 28.
Ne5 Be6 29. a4 Nd6 30. Rh3 Ne4 31. Reh1 Qe8 32. Bxe4 dxe4 33. Qc5 a6 34. R3h2
Qd8 35. Qa7 Qc7 36. Rc2 Rc8 37. Rc3 Bd5 38. Kd2 Ra8 39. Qc5 Rhe8 40. Qxd5 Qb6
41. Qf7+ 1-0

[Event "Stuttgarter Stadtmeisterschaft 2010 B"]
[Site "Ditzingen"]
[Date "2010.05.13"]
[Round "2.22"]
[White "Moll, Nino"]
[Black "Buzan, Raffael"]
[Result "0-1"]
[WhiteElo "1336"]
[BlackElo "1746"]
[PlyCount "44"]
[EventDate "2010.??.??"]
[WhiteTeam "SC Leinfelden"]
[BlackTeam "SAbt VfL Sindelfingen"]

1. b3 d5 2. e3 c5 3. Bb2 Nc6 4. Nf3 a6 5. d4 e6 6. c4 Nf6 7. cxd5 Nxd5 8. dxc5
Qa5+ 9. Qd2 Qxc5 10. Ba3 Qxa3 11. Nxa3 Bb4 12. Qxb4 Ncxb4 13. Kd2 b5 14. Nc2
O-O 15. a3 Nxc2 16. Kxc2 Bb7 17. Be2 Rac8+ 18. Kb2 Nc3 19. Bd1 Rfd8 20. Rc1
Bxf3 21. Bxf3 Rd2+ 22. Ka1 Ra2# 0-1

[Event "Stuttgarter Stadtmeisterschaft 2010 B"]
[Site "Ditzingen"]
[Date "2010.05.13"]
[Round "2.24"]
[White "Kanz, Edwin"]
[Black "Winkler, Tim"]
[Result "0-1"]
[WhiteElo "1414"]
[BlackElo "1736"]
[PlyCount "62"]
[EventDate "2010.??.??"]

1. d4 Nf6 2. Nf3 d6 3. e3 g6 4. Bd3 Bg7 5. b3 O-O 6. O-O b6 7. Bb2 Bb7 8. Nbd2
c5 9. Re1 Nc6 10. a3 Rc8 11. c4 cxd4 12. exd4 d5 13. Ne5 Nxd4 14. Bxd4 dxc4 15.
Bxb6 axb6 16. Bxc4 Nd7 17. f4 Nxe5 18. fxe5 Qd4+ 19. Kh1 Bxe5 20. Qe2 Bf6 21.
Rad1 Rfd8 22. Nf3 Qf4 23. Rc1 Bxf3 24. Qxf3 Qxf3 25. gxf3 Bb2 26. Rc2 Bxa3 27.
Re4 b5 28. Ra2 bxc4 29. Rxa3 c3 30. Rc4 Rxc4 31. bxc4 c2 0-1

[Event "Stuttgarter Stadtmeisterschaft 2010 B"]
[Site "Ditzingen"]
[Date "2010.05.13"]
[Round "2.25"]
[White "Reiß, Michael"]
[Black "Wenzel, Ulrich"]
[Result "1/2-1/2"]
[WhiteElo "1509"]
[BlackElo "1699"]
[PlyCount "73"]
[EventDate "2010.??.??"]

1. e4 c6 2. d4 d5 3. Nc3 dxe4 4. Nxe4 Bf5 5. Ng3 Bg6 6. h4 h6 7. Nf3 Nd7 8. h5
Bh7 9. Bd3 Bxd3 10. Qxd3 e6 11. Be3 Qc7 12. O-O-O Ngf6 13. Bd2 O-O-O 14. Ne4
Nxe4 15. Qxe4 Nf6 16. Qf4 Qxf4 17. Bxf4 Bd6 18. Bxd6 Rxd6 19. Ne5 Rf8 20. f3
Nd7 21. Rhe1 Nxe5 22. dxe5 Rxd1+ 23. Rxd1 f6 24. Re1 fxe5 25. Rxe5 Kd7 26. Kd2
Rf5 27. Rxf5 exf5 28. f4 Kd6 29. Kd3 c5 30. Kc4 Kc6 31. a4 b6 32. g3 a6 33. b3
b5+ 34. axb5+ axb5+ 35. Kd3 Kd5 36. c4+ bxc4+ 37. bxc4+ 1/2-1/2

[Event "Stuttgarter Stadtmeisterschaft 2010 B"]
[Site "Ditzingen"]
[Date "2010.05.13"]
[Round "2.26"]
[White "Grüneschild, Hildegard"]
[Black "Hamm, Julian"]
[Result "0-1"]
[WhiteElo "1663"]
[BlackElo "1633"]
[PlyCount "64"]
[EventDate "2010.??.??"]

1. c4 e5 2. Nc3 Bc5 3. e3 Nc6 4. a3 a5 5. Nge2 Qe7 6. Nd5 Qd8 7. g3 Nf6 8. Bg2
d6 9. d4 exd4 10. exd4 Ba7 11. Bg5 h6 12. Nxf6+ gxf6 13. Be3 h5 14. Nf4 h4 15.
g4 Bd7 16. h3 f5 17. f3 O-O 18. Qd3 Re8 19. Kf2 Rxe3 20. Kxe3 Qg5 21. Rhe1 Nxd4
22. Kd2 Qxf4+ 23. Kc3 a4 24. Re7 Nb3 25. Rae1 Bd4+ 26. Kc2 Be6 27. Rxc7 d5 28.
Re7 Rc8 29. R7xe6 Rxc4+ 30. Kb1 Qc1+ 31. Rxc1 Rxc1+ 32. Ka2 Ra1# 0-1

[Event "Stuttgarter Stadtmeisterschaft 2010 B"]
[Site "Ditzingen"]
[Date "2010.05.13"]
[Round "2.27"]
[White "Rieder, Josef"]
[Black "Hartmann, Anatoli"]
[Result "1-0"]
[WhiteElo "1886"]
[BlackElo "1591"]
[PlyCount "80"]
[EventDate "2010.??.??"]

1. e4 e6 2. d4 c6 3. c4 d5 4. cxd5 cxd5 5. e5 Nc6 6. Nf3 Bd7 7. Nc3 a6 8. a3
Qb6 9. Be2 Nge7 10. Na4 Qa7 11. O-O Nf5 12. Be3 Be7 13. Rc1 O-O 14. Bd3 Nxe3
15. fxe3 f5 16. exf6 Bxf6 17. Nc5 Rad8 18. Qc2 h6 19. Qe2 Bc8 20. Bb1 Ne7 21.
Qd3 g6 22. h3 b6 23. Nb3 Bd7 24. Qd2 Bb5 25. Rfe1 Kg7 26. h4 h5 27. e4 Bc4 28.
Na1 dxe4 29. Bxe4 b5 30. b3 Bd5 31. Bxd5 exd5 32. Kh1 Nf5 33. Ng5 Bxg5 34. Qxg5
Rd7 35. Rc6 Rd6 36. Re7+ Qxe7 37. Rxd6 Nxd6 38. Qxe7+ Rf7 39. Qxd6 Rf1+ 40. Kh2
Rxa1 1-0

[Event "Stuttgarter Stadtmeisterschaft 2010 B"]
[Site "Ditzingen"]
[Date "2010.05.13"]
[Round "2.28"]
[White "Wendland, Viktor"]
[Black "Rühl, Volker"]
[Result "0-1"]
[WhiteElo "1588"]
[BlackElo "1866"]
[PlyCount "105"]
[EventDate "2010.??.??"]

1. d4 Nf6 2. c4 Nc6 3. Nc3 e5 4. d5 Nd4 5. e3 Nf5 6. Bd3 d6 7. Qc2 g6 8. Nge2
Bg7 9. e4 Ne7 10. Ng3 O-O 11. f3 Bd7 12. Be3 c6 13. Qd2 cxd5 14. exd5 Ne8 15.
h4 f5 16. Bh6 f4 17. Bxg7 Kxg7 18. Nge4 Nf5 19. h5 Nf6 20. hxg6 hxg6 21. Nxf6
Qxf6 22. O-O-O Rh8 23. Bxf5 Bxf5 24. Ne4 Bxe4 25. fxe4 Rac8 26. Qb4 Qe7 27. Kb1
Qc7 28. b3 b6 29. Rhf1 Qc5 30. Qxc5 bxc5 31. Rf3 g5 32. g3 g4 33. Rfd3 f3 34.
R3d2 Rh3 35. Rg1 Rch8 36. Kc1 Rh2 37. a3 a5 38. b4 axb4 39. axb4 cxb4 40. Rb2
Rxb2 41. Kxb2 Rh2+ 42. Kb3 Re2 43. Kxb4 Rxe4 44. Kb5 Kf6 45. c5 dxc5 46. Kxc5
Rd4 47. Rb1 Rd2 48. Rb6+ Kf5 49. d6 f2 50. Rb8 e4 51. Kc6 e3 52. d7 e2 53. Rb5+
0-1

[Event "Stuttgarter Stadtmeisterschaft 2010 B"]
[Site "Ditzingen"]
[Date "2010.05.13"]
[Round "2.29"]
[White "Michna, Marcus"]
[Black "Marx, Alexander"]
[Result "0-1"]
[WhiteElo "1857"]
[BlackElo "1570"]
[PlyCount "60"]
[EventDate "2010.??.??"]

1. d4 d5 2. Nf3 Nf6 3. e3 e6 4. Bd3 c5 5. c3 Be7 6. O-O O-O 7. Nbd2 Nbd7 8. Re1
Qc7 9. e4 dxe4 10. Nxe4 cxd4 11. cxd4 b6 12. Bg5 Bb7 13. Rc1 Qd8 14. Nxf6+ Nxf6
15. Bb1 Bxf3 16. gxf3 Nd5 17. Qd3 g6 18. Bxe7 Qxe7 19. Qc4 Rac8 20. Qxc8 Rxc8
21. Rxc8+ Kg7 22. Be4 Qg5+ 23. Kh1 Qd2 24. Rec1 Nf4 25. R8c2 Qxd4 26. Kg1 Qe5
27. Kh1 Qg5 28. Rg1 Qe5 29. Rgc1 h5 30. Rc7 Qxb2 0-1

[Event "Stuttgarter Stadtmeisterschaft 2010 B"]
[Site "Ditzingen"]
[Date "2010.05.13"]
[Round "2.30"]
[White "Weigel, Curt"]
[Black "Pocrnic, Josip"]
[Result "0-1"]
[WhiteElo "1554"]
[BlackElo "1816"]
[PlyCount "130"]
[EventDate "2010.??.??"]

1. c4 c5 2. Nc3 Nc6 3. g3 g6 4. Bg2 Bg7 5. Nf3 Nf6 6. d3 d6 7. O-O O-O 8. Nd2
Be6 9. Nd5 Bxd5 10. cxd5 Nb4 11. Qb3 Rb8 12. a3 Na6 13. e4 b5 14. Qd1 Nc7 15.
h4 Qc8 16. Rb1 a5 17. b3 e6 18. Bh3 Qe8 19. dxe6 Nxe6 20. Nf3 Nd7 21. Re1 Nd4
22. Nxd4 Bxd4 23. Qg4 Ne5 24. Qd1 Nc6 25. h5 Qe5 26. Bf4 Qf6 27. Rf1 b4 28. a4
g5 29. Be3 h6 30. Qe2 Qe7 31. Kh2 Rbd8 32. f4 f6 33. Bd2 Kg7 34. Qg4 Kh8 35.
Qf3 Bc3 36. Bxc3 bxc3 37. Qg2 Nd4 38. Rbc1 c2 39. Rxc2 Nxc2 40. Qxc2 Rb8 41.
Qc3 Rb4 42. fxg5 hxg5 43. Rf5 Kg7 44. g4 Qe6 45. Rd5 Kf7 46. Kg3 Ke7 47. Bg2
Rfb8 48. Bf3 Rxb3 49. Qxa5 Qd7 50. Bd1 Rb1 51. Qd2 R8b2 52. Qc3 Rb4 53. Rf5 Rd4
54. Qc2 Rb8 55. a5 Qb5 56. Rf3 Qxa5 57. Qf2 Rf8 58. h6 Qc7 59. Kg2 Qd7 60. Kg3
Qe6 61. Qb2 Rb4 62. Qa3 Qe5+ 63. Kh3 Qb2 64. Qa7+ Rb7 65. Qa5 Rh8 0-1

[Event "Stuttgarter Stadtmeisterschaft 2010 B"]
[Site "Ditzingen"]
[Date "2010.05.13"]
[Round "2.31"]
[White "Awiszus, Thomas"]
[Black "Zaytsev, Evgeny"]
[Result "0-1"]
[WhiteElo "1543"]
[BlackElo "1775"]
[PlyCount "60"]
[EventDate "2010.??.??"]

1. Nf3 Nf6 2. c4 e6 3. g3 d5 4. d4 c5 5. cxd5 cxd4 6. dxe6 Bxe6 7. Qxd4 Nc6 8.
Qa4 Be7 9. Bg2 O-O 10. O-O Qb6 11. Nc3 Rac8 12. Bd2 Rfd8 13. Qb5 Qxb5 14. Nxb5
Rd5 15. Nc3 Rdd8 16. Bf4 Bc4 17. Nd2 Be6 18. a3 h6 19. Rac1 Ng4 20. Nf3 Na5 21.
e4 Bb3 22. e5 g5 23. Be3 Nxe3 24. fxe3 Bc4 25. Rfd1 g4 26. Rxd8+ Rxd8 27. Nd4
Bg5 28. Nc2 Re8 29. Rd1 Rxe5 30. e4 Bb3 0-1

[Event "Stuttgarter Stadtmeisterschaft 2010 B"]
[Site "Ditzingen"]
[Date "2010.05.13"]
[Round "2.32"]
[White "Herbst, Rudolf"]
[Black "Keller, Marcel"]
[Result "0-1"]
[WhiteElo "1765"]
[BlackElo "1552"]
[PlyCount "42"]
[EventDate "2010.??.??"]

1. c4 Nf6 2. Nc3 e6 3. e4 Nc6 4. Nge2 Bb4 5. a3 Bxc3 6. Nxc3 O-O 7. d4 h6 8.
Be2 b6 9. O-O Bb7 10. Bf3 e5 11. Be3 d6 12. b4 exd4 13. Bxd4 Nxd4 14. Qxd4 Re8
15. Rfe1 Nd7 16. Be2 Qg5 17. f3 Ne5 18. Qf2 Ng6 19. Nd5 Bxd5 20. cxd5 Nf4 21.
Rac1 Nh3+ 0-1

[Event "Stuttgarter Stadtmeisterschaft 2010 B"]
[Site "Ditzingen"]
[Date "2010.05.13"]
[Round "2.33"]
[White "Schmitz, Harald"]
[Black "Zeitler, Waldemar"]
[Result "0-1"]
[WhiteElo "1741"]
[BlackElo "1544"]
[PlyCount "102"]
[EventDate "2010.??.??"]

1. e4 e5 2. Nf3 d6 3. d4 Bg4 4. dxe5 Bxf3 5. gxf3 Nc6 6. Bb5 dxe5 7. O-O Bc5 8.
Be3 Bxe3 9. fxe3 Qg5+ 10. Kh1 Qxe3 11. Bxc6+ bxc6 12. Na3 Rd8 13. Qe1 Qxe1 14.
Rfxe1 Ne7 15. Rad1 O-O 16. Nc4 f6 17. c3 g5 18. h3 Kf7 19. Ne3 Ke6 20. Rxd8
Rxd8 21. Rd1 Rd6 22. Kg2 h5 23. Kg3 Ng6 24. Rxd6+ cxd6 25. c4 Ne7 26. h4 d5 27.
cxd5+ cxd5 28. hxg5 fxg5 29. exd5+ Nxd5 30. Nc4 Nf6 31. b4 e4 32. fxe4 Nxe4+
33. Kf3 Nd6 34. Ne3 Ke5 35. a4 a6 36. Nc2 Nf5 37. Kf2 Kd5 38. Na3 g4 39. b5
axb5 40. Nxb5 Kc4 41. Nc7 h4 42. a5 Kc5 43. Ne6+ Kb5 44. Nf4 Kxa5 45. Ng6 h3
46. Ne5 g3+ 47. Kg1 Nh4 48. Nc4+ Kb4 49. Nd2 Ka3 50. Kh1 Kb2 51. Ne4 g2+ 0-1

[Event "Stuttgarter Stadtmeisterschaft 2010 B"]
[Site "Ditzingen"]
[Date "2010.05.13"]
[Round "2.34"]
[White "Domingos, Antonio"]
[Black "Dölker, Kai"]
[Result "1-0"]
[WhiteElo "1715"]
[BlackElo "1540"]
[PlyCount "51"]
[EventDate "2010.??.??"]

1. e4 c5 2. Nf3 d6 3. d4 cxd4 4. Nxd4 Nf6 5. Nc3 g6 6. Be3 Bg7 7. f3 O-O 8. Qd2
Nc6 9. O-O-O Bd7 10. Kb1 Qc7 11. g4 Ne5 12. h4 Rfc8 13. Bh6 Bh8 14. h5 Qa5 15.
g5 Nxh5 16. Nd5 Qd8 17. f4 Nc6 18. Nxc6 bxc6 19. Nc3 Rab8 20. f5 Qb6 21. b3 Qa5
22. Rh3 d5 23. exd5 Bxc3 24. Rxc3 cxd5 25. Rxc8+ Rxc8 26. Qxa5 1-0

[Event "Stuttgarter Stadtmeisterschaft 2010 B"]
[Site "Ditzingen"]
[Date "2010.05.13"]
[Round "2.35"]
[White "Gheng, Hannelore"]
[Black "Mager, Denis"]
[Result "1-0"]
[WhiteElo "1692"]
[BlackElo "1538"]
[PlyCount "143"]
[EventDate "2010.??.??"]

1. e4 e6 2. d4 d5 3. Nd2 Nf6 4. Bd3 c5 5. c3 Nc6 6. Ngf3 Be7 7. O-O O-O 8. Re1
Re8 9. e5 Nd7 10. Nf1 Qb6 11. Ng3 Kh8 12. Ng5 Bxg5 13. Bxg5 cxd4 14. Qh5 g6 15.
Qh6 Rg8 16. Nh5 Qc5 17. Nf6 Rg7 18. Nxd7 Bxd7 19. Bf6 Qf8 20. cxd4 Nxd4 21. Re3
Bb5 22. Bxb5 Nxb5 23. Qxg7+ Qxg7 24. Bxg7+ Kxg7 25. Rb3 a6 26. a4 Nd4 27. Rxb7
Nc6 28. f4 Na5 29. Rd7 Rb8 30. Rb1 Nc4 31. b4 Nb6 32. Ra7 Nxa4 33. Rxa6 Nc5 34.
Ra3 d4 35. Kf1 Ne4 36. Ke1 Nc3 37. Rb2 Nd5 38. b5 Ne3 39. Rxe3 dxe3 40. Ke2 Kf8
41. Kxe3 Ke7 42. Kd4 Kd7 43. Kc5 Rc8+ 44. Kb6 Rc4 45. g3 Kc8 46. Ka7 Ra4+ 47.
Kb6 Rc4 48. Ka5 Rc1 49. b6 Kb7 50. Rd2 Ra1+ 51. Kb5 Rb1+ 52. Ka5 Ra1+ 53. Kb5
Rb1+ 54. Kc5 Rc1+ 55. Kd6 Kxb6 56. Ke7 Rc7+ 57. Rd7 Rc2 58. Kxf7 Rxh2 59. Kxe6
Rg2 60. Rxh7 Rxg3 61. Rg7 Rg4 62. Kd7 Rxf4 63. Rxg6+ Kb7 64. e6 Rd4+ 65. Ke8
Kc8 66. e7 Rf4 67. Rc6+ Kb7 68. Kd7 Rf7 69. Rc3 Rh7 70. Kd8 Rh1 71. Rc7+ Kb6
72. e8=Q 1-0

[Event "Stuttgarter Stadtmeisterschaft 2010 B"]
[Site "Ditzingen"]
[Date "2010.05.13"]
[Round "2.36"]
[White "Weisensel, Wolfgang"]
[Black "Schmidt, Tobias"]
[Result "1/2-1/2"]
[WhiteElo "1685"]
[BlackElo "1537"]
[PlyCount "94"]
[EventDate "2010.??.??"]

1. c4 c5 2. Nf3 Nf6 3. Nc3 Nc6 4. g3 g6 5. Bg2 Bg7 6. O-O O-O 7. a3 d6 8. d3
Bd7 9. Bd2 Qc8 10. Re1 e5 11. Rb1 a5 12. Qc1 Rd8 13. Bg5 Re8 14. Bxf6 Bxf6 15.
Nd5 Qd8 16. Nxf6+ Qxf6 17. Qg5 Qxg5 18. Nxg5 Be6 19. Ne4 Red8 20. Nc3 a4 21.
Bd5 Bxd5 22. Nxd5 Nd4 23. Nf6+ Kg7 24. Ne4 f5 25. Nd2 Rdb8 26. e3 Nc6 27. Rec1
Kf6 28. f3 g5 29. Kf2 h5 30. h3 b5 31. Rg1 b4 32. g4 hxg4 33. hxg4 Rg8 34. gxf5
Kxf5 35. Ne4 Rad8 36. Rg2 Rg6 37. Rbg1 Rdg8 38. Ng3+ Ke6 39. Ne2 Kf5 40. Ng3+
Ke6 41. Nf1 Kf5 42. e4+ Kf6 43. Ne3 Ne7 44. Ng4+ Ke6 45. Ne3 Kf6 46. Nd5+ Nxd5
47. exd5 b3 1/2-1/2